Normal view
MARC view
- Buckley, Craig
Entry Personal Name
001 - CONTROL NUMBER
- control field: 120836
003 - CONTROL NUMBER IDENTIFIER
- control field: NUST
005 - DATE AND TIME OF LATEST TRANSACTION
- control field: 20240220143618.0
008 - FIXED-LENGTH DATA ELEMENTS
- fixed length control field: 240220|| aca||aabn | a|a d
040 ## - CATALOGING SOURCE
- Original cataloging agency: NUST
- Transcribing agency: NUST
100 ## - HEADING--PERSONAL NAME
- Personal name: Buckley, Craig
670 ## - SOURCE DATA FOUND
- Source citation: Work cat.: (NUST): What happened to the architectural manifesto? (Symposium) (2011 : Columbia University, Graduate School of Architecture, Planning and Preservation), author. 120834, After the manifesto :, 2014.
